Grammar challenge
সংরক্ষণ করুন:
| প্রধান লেখক: | |
|---|---|
| অন্যান্য লেখক: | |
| ভাষা: | Undetermined English |
| প্রকাশিত: |
Boston, MA
Thomson Heinle
2005
|
| বিষয়গুলি: | |
| ট্যাগগুলো: |
ট্যাগ যুক্ত করুন
কোনো ট্যাগ নেই, প্রথমজন হিসাবে ট্যাগ করুন!
|
| Thư viện lưu trữ: | Trung tâm Học liệu Trường Đại học Trà Vinh |
|---|
| LEADER | 00600nam a2200253Ia 4500 | ||
|---|---|---|---|
| 001 | TVU_7367 | ||
| 008 | 210423s9999 xx 000 0 und d | ||
| 020 | |a 1413015360 | ||
| 020 | |a 9781413015362 | ||
| 041 | |a eng | ||
| 082 | |a 425 | ||
| 082 | |b K49 | ||
| 100 | |a Kim, Yeni | ||
| 245 | 0 | |a Grammar challenge | |
| 245 | 0 | |c Yeni Kim | |
| 260 | |a Boston, MA | ||
| 260 | |b Thomson Heinle | ||
| 260 | |c 2005 | ||
| 300 | |a xii, 72 p. | ||
| 300 | |b ill. | ||
| 300 | |c 28 cm | ||
| 650 | |a English language; English language | ||
| 700 | |a Yeni Kim | ||
| 980 | |a Trung tâm Học liệu Trường Đại học Trà Vinh | ||


